000 00701nam a2200253Ia 4500
003 OSt
005 20220918170016.0
006 a|||||r|||| 00| 0
007 ta
008 220917b |||||||| |||| 00| 0 eng d
020 _a8186867910 (hb)
024 _a231,319
037 _cTextual
040 _aARTS
_cARTS
_beng
041 _2eng
_aeng
082 _aR3xL24:g, P6
100 _aRaghwendra Pratap Singh Ed.
_926664
245 0 _aPhilosophical heritage of Immanuel Kant
260 _aNew Delhi
_bOm Publications India
_c2006
300 _a191p.
_ccm.
650 _aPHILOSOPHY
942 _hR3xL24:g, P6
_cTEXL
_2CC
999 _c132257
_d132257